| 000 | 00459nam a2200157Ia 4500 | ||
|---|---|---|---|
| 999 |
_c19855 _d19855 |
||
| 003 | OSt | ||
| 005 | 20200706114551.0 | ||
| 008 | 190216s9999||||xx |||||||||||||| ||und|| | ||
| 040 | _coclc | ||
| 082 |
_a944.04 _bHIB/F |
||
| 100 |
_aHibbert, Christopher _93361 |
||
| 245 | 4 |
_aThe French Revolution / _cChristopher Hibbert |
|
| 260 |
_bPenguin Books, _c1984. _aEngland: |
||
| 300 | _a352p | ||
| 942 |
_cBK _2ddc _h944.04 _iHIB/F _k944.04 _mHIB/F |
||